=LDR 00000nam 2200000 4500 =001 INLIS000000000020671 =005 20130612115616 =008 ***********************************Ind** =035 ##$$0010-061300000020671 =041 ##$$a Ind =082 ##$$a 510.7 =090 ##$$a 510.7, Mat m =245 ##$$a Matematika untuk kelas xii, program ilmu sosial dan bahasa (kelas 3 SMA/MA, Rusdy A. Siroj...[et.al] =260 ##$$a 2005 $b Semarang =300 ##$$a vi, 114 hlm, ilus, 25 cm =650 ##$$a Matematika-Studi dan pengajaran =700 ##$$a Siroj, Rusdy A =850 ##$$a NBPNMAT =990 ##$$a 0001/BPAP-NTB/2016